000 00682nam a2200229 4500
003 CBULib
005 20260630095555.0
008 260630b |||||||| |||| 00| 0 eng d
040 _aCBULib
_bEnglish
_cCBULib
_erda
041 _aeng
050 _aBOZ(05)ZB/2023/2
110 _95574
_aBank of Zambia(BOZ)
245 _aZAMBANKER : a Bank of Zambia journal
250 _aJune, 2023 edition
260 _aLusaka :
_bBank of Zambia,
_c2023.
300 _a43 pages : illustrations
336 _2rdacontent
_aText |
_btxt
337 _2rdamedia
_aUnmediated |
_bn
338 _2rdacarrier
_aVolume
_bnc
650 0 _95575
_aBANKS AND BANKING--ZAMBIA--PERIODICALS
942 _2mc
_c021
999 _c86784
_d86784